| 000 | 00348nam a22001217a 4500 | ||
|---|---|---|---|
| 008 | 180606b xxu||||| |||| 00| 0 eng d | ||
| 041 | _aeng | ||
| 080 | _a043.3 | ||
| 100 | _a0 | ||
| 101 | _aMBE-BA | ||
| 245 |
_aMotivimi si faktor i menaxhimit ne kompani (Motivimi dhe performanca e punetorve ne institucionet bankare) _cGashi, V |
||
| 942 |
_2udc _cBK |
||
| 999 |
_c46473 _d46473 |
||